Ostýchavá láska : moje najmilšie /
Uložené v:
| Hlavný autor: | |
|---|---|
| Ďalší autori: | |
| Médium: | Kniha |
| Jazyk: | Slovak |
| Vydané: |
Košice :
JEKA,
2003.
|
| Vydanie: | 1. vyd. |
| Témy: | |
| ISBN: |
8096899600 (brož.) |
| Fyzický popis: |
66 s., [10] s. fareb. reprod. obr. : fareb. ilustr. ; 15 cm. |
| Tagy: |
Pridať tag
Žiadne tagy, Buďte prvý kto otaguje tento záznam!
|
Titul je dostupný aj v ... 

MARC
| LEADER | 00000nam a2200000 a 4500 | ||
|---|---|---|---|
| 001 | 000000395 | ||
| 003 | SVKK | ||
| 005 | 20080925124430.0 | ||
| 008 | 040227s2003 xo e sloo | ||
| 020 | |a 8096899600 (brož.) | ||
| 040 | |a SVKKK |b slo |c SVKKK |e AACR2 | ||
| 041 | 0 | |a slo | |
| 044 | |a xo |c SK | ||
| 072 | 7 | |a 821.162.4-1 |x Slovenská poézia |2 konspekt | |
| 080 | |a 821.162.4-1 |2 1997 | ||
| 080 | |a (0:82-1) |2 1997 | ||
| 100 | 1 | |a Beca, Michal, |d 1950- |4 aut | |
| 245 | 1 | 0 | |a Ostýchavá láska : |b moje najmilšie / |c Michal Beca ; [reprodukcie obrazov: Andrej Smolák]. |
| 250 | |a 1. vyd. | ||
| 260 | |a Košice : |b JEKA, |c 2003. | ||
| 300 | |a 66 s., [10] s. fareb. reprod. obr. : |b fareb. ilustr. ; |c 15 cm. | ||
| 655 | 7 | |a slovenská poézia |2 SVKKKPH | |
| 700 | 1 | |a Smolák, Andrej |4 ill | |
| 919 | |a 80-968996-0-0 | ||
| 998 | |a BK | ||
| 090 | |g SCKHL |k Sklad Hlavná 10 prízemie |a I.72756 |j 959808 |i 2720020748 |s Absenčne | ||
| 090 | |g SCKHL |k Sklad Hlavná 10 prízemie |a I.72794 |j 960097 |i 2720020746 |s Absenčne | ||
| 090 | |g SCKHL |k Sklad Hlavná 10 prízemie |a I.72795 |j 960098 |i 2720020747 |s Absenčne | ||